Alcohol consumption and the risk of breast cancer /

Se realiza un recorrido por diversos estudios epidemiológicos en los que se estudia una asociación entre el consumo de alcohol y el cáncer de seno, en los cuales se ha podido comprender que ambos sí poseen una relación. Se considera entonces que dado el incremento del consumo de alcohol es important...

Volledige beschrijving

Bewaard in:
Bibliografische gegevens
Hoofdauteur: Beasley, Jeannette
Formaat: Texto
Onderwerpen:
Tags: Voeg label toe
Geen labels, Wees de eerste die dit record labelt!

MARC

LEADER 00000 a a2200000 04500
001 44608
003
040
100 |a Beasley, Jeannette  
245 |a Alcohol consumption and the risk of breast cancer /  |c Jeannette Beasley  
500 |a gloria.d.coronado@kpchr.org  
520 |a Se realiza un recorrido por diversos estudios epidemiológicos en los que se estudia una asociación entre el consumo de alcohol y el cáncer de seno, en los cuales se ha podido comprender que ambos sí poseen una relación. Se considera entonces que dado el incremento del consumo de alcohol es importante trabajar para vitarlo, sobre todo en las mujeres que poseen los factores de riesgo conocidos para la aparición y desarrollo del cáncer de seno.  
590 |a KSR/JUNIO2013  
650 |a CANCER  
650 |a ALCOHOL  
650 |a RIESGO  
650 |a SALUD PUBLICA  
650 |a ANALISIS DE LA INGFORMACION  
773 |g volumen53, número5 (2011), páginas 440-447  
999 |c 20307  |d 20307